| 000 | 00566nam a2200169 a 4500 | ||
|---|---|---|---|
| 001 | 000041615 | ||
| 005 | 20201002035652.0 | ||
| 008 | 131014s1998 sp 000 0 spa d | ||
| 020 | _a9789580439790 | ||
| 040 |
_aDO-SdBNP _bspa _cBNPHU |
||
| 082 |
_axxxx _bxxxx |
||
| 100 | 1 |
_aAvis, Warren _968392 |
|
| 245 | 1 | 0 |
_aAtrévase a ser el lider : _bautobiografía del fundador de Avis rent-a-car / _cWarren Avis ; traducción Jorge Cárdenas Nannetti. |
| 260 |
_aBarcelona : _bNorma, _c1998. |
||
| 300 |
_a246 p. ; _c19 cm. |
||
| 700 | 1 |
_aCárdenas Nabbetti, Jorge, _etr. _968393 |
|
| 999 |
_c41105 _d41105 |
||